000 00614nam a2200217Ia 4500
005 20250508164723.0
008 008 250505s9999 xx 000 0 eng d
037 _aTextual
040 _aFEDL
_beng
_cFEDL
041 _aeng
_2eng
084 _a511.322, KLI
_qFEDL
100 _aKlir George J
245 0 _aFuzzy set theory : Foundations and applications
260 _aUpper Saddle River, USA
_bPrentice Hall
_c1997
300 _av,245p.
365 _aUSD
_b55
546 _aMACESE
700 _a St.Clair Ute Yuan Bo
_9778977
942 _cTEXL
_h511.322, KLI
999 _c1390757
_d1390757